[Event "FICGS class D 000295 email"]
[Site "FICGS email"]
[Date "2023.05.26"]
[Round "1"]
[White "Soretti, Vincenzo"]
[Black "Goletto, Piero Giuseppe"]
[Result "1-0"]
[WhiteElo "1721"]
[BlackElo "1391"]
[PlyCount "31"]
[EventDate "2023.??.??"]
[EventType "tourn (corr)"]
[EventRounds "6"]
[SourceTitle "Corr 2024"]
[Source "ChessBase"]
[SourceDate "2023.10.19"]
[SourceVersion "1"]
[SourceVersionDate "2023.10.19"]
[SourceQuality "1"]

1. e4 e5 2. Nf3 Nc6 3. Bb5 Nd4 4. Nxd4 c6 5. Nxc6 Nf6 6. Nxd8 Kxd8 7. Nc3 d6 8. 0-0 Bg4 9. f3 Bh5 10. g4 Bg6 11. d4 exd4 12. Qxd4 a6 13. Qb6+ Ke7 14. Qxb7+ Nd7 15. Bxd7 Rd8 16. Nd5# 1-0

[Event "FICGS class D 000294 email"]
[Site "FICGS email"]
[Date "2023.04.16"]
[Round "1"]
[White "Soretti, Vincenzo"]
[Black "Goletto, Piero Giuseppe"]
[Result "1-0"]
[WhiteElo "1726"]
[BlackElo "1416"]
[PlyCount "37"]
[EventDate "2023.??.??"]
[EventType "tourn (corr)"]
[EventRounds "6"]
[SourceTitle "Corr 2024"]
[Source "ChessBase"]
[SourceDate "2023.10.19"]
[SourceVersion "1"]
[SourceVersionDate "2023.10.19"]
[SourceQuality "1"]

1. e4 e5 2. Nf3 Nc6 3. Bb5 Nd4 4. Nxd4 c5 5. Nf3 Nf6 6. Nc3 a6 7. Be2 d5 8. exd5 Nxd5 9. Nxd5 Qxd5 10. d3 Bg4 11. 0-0 Bxf3 12. Bxf3 Qe6 13. Bxb7 Rb8 14. Qf3 Qf6 15. Bc6+ Kd8 16. Qd5+ Bd6 17. Bg5 Qxg5 18. Qxd6+ Kc8 19. Qd7# 1-0

[Event "FICGS class D 000291 email"]
[Site "FICGS email"]
[Date "2022.12.26"]
[Round "1"]
[White "Leurette, Marc Antoine"]
[Black "Soretti, Vincenzo"]
[Result "1-0"]
[WhiteElo "1726"]
[BlackElo "1743"]
[PlyCount "61"]
[EventDate "2022.??.??"]
[EventType "tourn (corr)"]
[EventRounds "6"]
[SourceTitle "Corr 2024"]
[Source "ChessBase"]
[SourceDate "2023.10.19"]
[SourceVersion "1"]
[SourceVersionDate "2023.10.19"]
[SourceQuality "1"]

1. e4 c5 2. d4 cxd4 3. c3 Nc6 4. cxd4 e6 5. Nf3 Nf6 6. Nc3 Bb4 7. a3 Ba5 8. b4 Bc7 9. Bc4 d5 10. Bd3 dxe4 11. Nxe4 Nxd4 12. Nxf6+ Qxf6 13. Nxd4 Be5 14. Bb5+ Ke7 15. Nf3 h6 16. Nxe5 Qxe5+ 17. Be3 Qxb5 18. Bc5+ Ke8 19. Qd6 Qd7 20. Qg3 Rh7 21. Rd1 Qc6 22. Qd3 f5 23. Qd8+ Kf7 24. Qf8+ Kg6 25. h4 Qe4+ 26. Kf1 h5 27. Qe8+ Kh6 28. Be3+ g5 29. Bxg5+ Kg7 30. Qe7+ Kg6 31. Qf6# 1-0

[Event "FICGS class D 000289 email"]
[Site "FICGS email"]
[Date "2022.10.19"]
[Round "1"]
[White "Joubert, Hennie"]
[Black "Soretti, Vincenzo"]
[Result "0-1"]
[WhiteElo "1541"]
[BlackElo "1766"]
[PlyCount "70"]
[EventDate "2022.??.??"]
[EventType "tourn (corr)"]
[EventRounds "6"]
[SourceTitle "Corr 2024"]
[Source "ChessBase"]
[SourceDate "2023.10.19"]
[SourceVersion "1"]
[SourceVersionDate "2023.10.19"]
[SourceQuality "1"]

1. e4 c5 2. Nf3 e6 3. d4 cxd4 4. Nxd4 a6 5. c4 Nf6 6. Nc3 Bb4 7. f3 0-0 8. Be2 d6 9. Bd2 Bc5 10. Be3 e5 11. Nc2 Bxe3 12. Nxe3 Qb6 13. Ned5 Nxd5 14. Nxd5 Qd8 15. 0-0 Be6 16. Rc1 Bxd5 17. cxd5 Nd7 18. f4 exf4 19. Rxf4 Ne5 20. Qd4 b5 21. b3 Rc8 22. Rcf1 Rc2 23. Bd3 Rxa2 24. Bb1 Ra3 25. Bc2 Qc7 26. Qd1 Rc8 27. R4f2 Ra2 28. Bb1 Rxf2 29. Rxf2 Qc1 30. Qxc1 Rxc1+ 31. Rf1 Rc3 32. Ba2 Rc2 33. Bb1 Rb2 34. h3 Rxb3 35. Ba2 Ra3 0-1

[Event "FICGS class D 000287 email"]
[Site "FICGS email"]
[Date "2022.08.12"]
[Round "1"]
[White "Cirovic, Zeljko"]
[Black "Soretti, Vincenzo"]
[Result "0-1"]
[WhiteElo "1620"]
[BlackElo "1731"]
[PlyCount "70"]
[EventDate "2022.??.??"]
[EventType "tourn (corr)"]
[EventRounds "6"]
[SourceTitle "Corr 2024"]
[Source "ChessBase"]
[SourceDate "2023.10.19"]
[SourceVersion "1"]
[SourceVersionDate "2023.10.19"]
[SourceQuality "1"]

1. e4 e5 2. Nf3 Nc6 3. Bb5 a6 4. Bxc6 dxc6 5. d4 exd4 6. Qxd4 Qxd4 7. Nxd4 Bc5 8. c3 Nf6 9. 0-0 0-0 10. f3 Rd8 11. Be3 Be6 12. Nd2 a5 13. Kh1 Bd7 14. N2b3 Bb6 15. Nf5 Bxf5 16. Bxb6 cxb6 17. exf5 Rd5 18. g4 c5 19. Rad1 Rad8 20. Rxd5 Rxd5 21. Kg2 a4 22. Nc1 Rd2+ 23. Rf2 Rd1 24. Rc2 Nd5 25. Kf2 Nf4 26. Kg3 Nd5 27. c4 Nb4 28. Rc3 Rg1+ 29. Kf2 Rxc1 30. Rxc1 Nd3+ 31. Ke3 Nxc1 32. a3 Nb3 33. Ke4 Nd2+ 34. Kd5 Nxf3 35. h3 Nd2 0-1

[Event "FICGS class D 000287 email"]
[Site "FICGS email"]
[Date "2022.08.12"]
[Round "1"]
[White "Dizer, Grigory"]
[Black "Soretti, Vincenzo"]
[Result "1-0"]
[WhiteElo "1500"]
[BlackElo "1731"]
[PlyCount "33"]
[EventDate "2022.??.??"]
[EventType "tourn (corr)"]
[EventRounds "6"]
[SourceTitle "Corr 2024"]
[Source "ChessBase"]
[SourceDate "2023.10.19"]
[SourceVersion "1"]
[SourceVersionDate "2023.10.19"]
[SourceQuality "1"]

1. e4 c5 2. Nc3 Nc6 3. Bc4 Ne5 4. Be2 Nf6 5. d3 e6 6. f4 Nc6 7. e5 Nd5 8. Nxd5 exd5 9. Bf3 d4 10. Ne2 Be7 11. 0-0 0-0 12. Bxc6 dxc6 13. f5 f6 14. e6 Bd6 15. Nf4 Be5 16. Nh5 Bxe6 17. Qg4 1-0

[Event "FICGS class D 000287 email"]
[Site "FICGS email"]
[Date "2022.08.12"]
[Round "1"]
[White "Pintor, Manuel"]
[Black "Soretti, Vincenzo"]
[Result "0-1"]
[WhiteElo "1694"]
[BlackElo "1731"]
[PlyCount "72"]
[EventDate "2022.??.??"]
[EventType "tourn (corr)"]
[EventRounds "6"]
[SourceTitle "Corr 2024"]
[Source "ChessBase"]
[SourceDate "2023.10.19"]
[SourceVersion "1"]
[SourceVersionDate "2023.10.19"]
[SourceQuality "1"]

1. e4 c5 2. f4 d6 3. Nf3 Nc6 4. Bc4 e6 5. c3 Nf6 6. d3 Be7 7. 0-0 0-0 8. Ng5 h6 9. Nh3 e5 10. f5 Na5 11. Bb5 a6 12. Ba4 b5 13. Bc2 Bb7 14. Qf3 c4 15. Qg3 Kh7 16. Qh4 Nxe4 17. Qg4 Nf6 18. Qg3 cxd3 19. Bxd3 e4 20. Bc2 d5 21. Nf4 Bd6 22. Qh4 Nc4 23. b3 Ne5 24. Be3 Neg4 25. Bd4 Qe7 26. h3 Ne5 27. Nd2 Qc7 28. g4 Nf3+ 29. Nxf3 exf3 30. Bxf6 Bxf4 31. g5 gxf6 32. Qxh6+ Kg8 33. Qxf6 Bh2+ 34. Kf2 Qg3+ 35. Ke3 Qf4+ 36. Kd3 Qe4+ 0-1

[Event "FICGS class D 000287 email"]
[Site "FICGS email"]
[Date "2022.08.12"]
[Round "1"]
[White "Soretti, Vincenzo"]
[Black "Budnar, Milos"]
[Result "1-0"]
[WhiteElo "1731"]
[BlackElo "1497"]
[PlyCount "33"]
[EventDate "2022.??.??"]
[EventType "tourn (corr)"]
[EventRounds "6"]
[SourceTitle "Corr 2024"]
[Source "ChessBase"]
[SourceDate "2023.10.19"]
[SourceVersion "1"]
[SourceVersionDate "2023.10.19"]
[SourceQuality "1"]

1. d4 Nf6 2. c4 e6 3. Nc3 Bb4 4. Qc2 Bxc3+ 5. bxc3 h6 6. e4 0-0 7. e5 Nh7 8. Bd3 f5 9. exf6 Nxf6 10. Bg6 Nc6 11. Nf3 Ne7 12. Bd3 b6 13. 0-0 d5 14. Ba3 Bb7 15. Bxe7 Qxe7 16. cxd5 Bxd5 17. Ne5 1-0

[Event "FICGS class D 000286 email"]
[Site "FICGS email"]
[Date "2022.05.25"]
[Round "1"]
[White "Soretti, Vincenzo"]
[Black "Brand Lyard, Paul"]
[Result "1-0"]
[WhiteElo "1748"]
[BlackElo "1520"]
[PlyCount "55"]
[EventDate "2022.??.??"]
[EventType "tourn (corr)"]
[EventRounds "6"]
[SourceTitle "Corr 2024"]
[Source "ChessBase"]
[SourceDate "2023.10.19"]
[SourceVersion "1"]
[SourceVersionDate "2023.10.19"]
[SourceQuality "1"]

1. d4 Nf6 2. c4 e6 3. Nc3 Bb4 4. Qc2 Ne4 5. Qxe4 Bxc3+ 6. bxc3 0-0 7. Nf3 g6 8. Bh6 Re8 9. e3 c6 10. Qf4 f5 11. Bg5 Qa5 12. Kd2 Qa3 13. Bd3 Qb2+ 14. Bc2 b6 15. Qd6 Ba6 16. Rhb1 Qxb1 17. Rxb1 Bxc4 18. Bb3 Bxb3 19. axb3 b5 20. Ne5 Na6 21. Ra1 b4 22. Rxa6 bxc3+ 23. Kxc3 Rab8 24. Rxa7 Rb5 25. Qxd7 Rxb3+ 26. Kxb3 Rb8+ 27. Kc4 Rb4+ 28. Kxb4 1-0

[Event "FICGS class D 000285 email"]
[Site "FICGS email"]
[Date "2022.04.22"]
[Round "1"]
[White "Soretti, Vincenzo"]
[Black "Leurette, Marc Antoine"]
[Result "1/2-1/2"]
[WhiteElo "1753"]
[BlackElo "1743"]
[PlyCount "115"]
[EventDate "2022.??.??"]
[EventType "tourn (corr)"]
[EventRounds "6"]
[SourceTitle "Corr 2024"]
[Source "ChessBase"]
[SourceDate "2023.10.19"]
[SourceVersion "1"]
[SourceVersionDate "2023.10.19"]
[SourceQuality "1"]

1. e4 e5 2. Nf3 Nc6 3. Bb5 Nf6 4. d3 d6 5. c3 Bd7 6. 0-0 Be7 7. Re1 a6 8. Ba4 b5 9. Bc2 0-0 10. Nbd2 a5 11. Nf1 h6 12. h3 a4 13. a3 Be6 14. Ne3 Na5 15. Nd2 c5 16. b3 axb3 17. Nxb3 Nxb3 18. Bxb3 c4 19. dxc4 Nxe4 20. Qd3 Nc5 21. Qb1 Nxb3 22. Qxb3 Rb8 23. Nd5 bxc4 24. Nxe7+ Qxe7 25. Qc2 f6 26. a4 d5 27. Ba3 Qf7 28. Bxf8 Qxf8 29. a5 Ra8 30. Reb1 Qc5 31. Qa4 d4 32. Rb5 Qc8 33. cxd4 Bd7 34. Rc5 Bxa4 35. Rxc8+ Rxc8 36. Rxa4 c3 37. Ra1 c2 38. Rc1 exd4 39. Kf1 d3 40. Ke1 Kf7 41. Kd2 Rd8 42. a6 Ke6 43. a7 Ra8 44. Ra1 Kd5 45. Kxd3 Rxa7 46. Rc1 Rc7 47. Rxc2 Rxc2 48. Kxc2 Ke4 49. Kd2 f5 50. Ke2 f4 51. f3+ Kf5 52. Kf2 h5 53. h4 g5 54. hxg5 Kxg5 55. Kg1 Kf5 56. Kh2 h4 57. Kh3 Kg5 58. Kh2 1/2-1/2

[Event "FICGS class D 000285 email"]
[Site "FICGS email"]
[Date "2022.04.22"]
[Round "1"]
[White "Soretti, Vincenzo"]
[Black "Plunkett, Louis"]
[Result "1-0"]
[WhiteElo "1753"]
[BlackElo "1630"]
[PlyCount "107"]
[EventDate "2022.??.??"]
[EventType "tourn (corr)"]
[EventRounds "6"]
[SourceTitle "Corr 2024"]
[Source "ChessBase"]
[SourceDate "2023.10.19"]
[SourceVersion "1"]
[SourceVersionDate "2023.10.19"]
[SourceQuality "1"]

1. d4 b6 2. Nf3 Bb7 3. e3 e6 4. c4 Nf6 5. Nbd2 c5 6. Be2 d5 7. 0-0 Bd6 8. Qc2 Nc6 9. a3 0-0 10. cxd5 exd5 11. dxc5 Bxc5 12. b4 Be7 13. Bb2 Rc8 14. Qd3 h6 15. Rac1 Qd7 16. Rfd1 Rfd8 17. Qb3 Qe6 18. Bd3 Bd6 19. h3 g5 20. Bxf6 Qxf6 21. Qxd5 Na5 22. Qf5 Qxf5 23. Bxf5 Rxc1 24. Rxc1 Nc6 25. Be4 Rc8 26. Bxc6 Rxc6 27. Rxc6 Bxc6 28. Nd4 Bd7 29. Nc4 Bc7 30. b5 Kg7 31. g4 Kg6 32. e4 Kf6 33. f3 Kg6 34. Kf2 h5 35. a4 f6 36. Nc6 Bxc6 37. bxc6 hxg4 38. hxg4 Kf7 39. Ke3 Ke7 40. Kd4 Ke6 41. Na3 Be5+ 42. Kc4 Bb2 43. Nb5 a5 44. Na7 Kd6 45. Kb5 Kc7 46. Ka6 Be5 47. Kb5 Bd4 48. Kc4 Be5 49. Kd5 Bf4 50. Nb5+ Kb8 51. Ke6 Kc8 52. Kxf6 Kb8 53. e5 Kc8 54. e6 1-0

[Event "FICGS class D 000278 email"]
[Site "FICGS email"]
[Date "2021.07.02"]
[Round "1"]
[White "Swiatek, Janusz"]
[Black "Soretti, Vincenzo"]
[Result "1-0"]
[WhiteElo "1800"]
[BlackElo "1688"]
[PlyCount "41"]
[EventDate "2021.??.??"]
[EventType "tourn (corr)"]
[EventRounds "6"]
[SourceTitle "Corr 2022"]
[Source "ChessBase"]
[SourceDate "2021.10.24"]
[SourceVersion "1"]
[SourceVersionDate "2021.10.24"]
[SourceQuality "1"]

1. e4 e5 2. Nf3 Nc6 3. d4 exd4 4. Nxd4 Nf6 5. Nxc6 bxc6 6. Bd3 Bc5 7. e5 Nd5 8. c4 Qh4 9. 0-0 Nb4 10. Be2 Qe4 11. a3 Na6 12. Bd3 Qh4 13. Nd2 0-0 14. b4 Be7 15. Re1 d6 16. h3 Qh6 17. Ne4 Qe6 18. exd6 cxd6 19. Ng5 Qf6 20. Bxh7+ Kh8 21. Rxe7 1-0

[Event "FICGS class D 000277 email"]
[Site "FICGS email"]
[Date "2021.05.05"]
[Round "1"]
[White "Soretti, Vincenzo"]
[Black "Leurette, Marc Antoine"]
[Result "1/2-1/2"]
[WhiteElo "1688"]
[BlackElo "1634"]
[PlyCount "53"]
[EventDate "2021.??.??"]
[EventType "tourn (corr)"]
[EventRounds "6"]
[SourceTitle "Corr 2022"]
[Source "ChessBase"]
[SourceDate "2021.10.24"]
[SourceVersion "1"]
[SourceVersionDate "2021.10.24"]
[SourceQuality "1"]

1. d4 d5 2. Nf3 Nc6 3. e3 Nf6 4. Be2 e6 5. 0-0 Bd6 6. c4 0-0 7. Nc3 b6 8. cxd5 exd5 9. a3 Be6 10. Ba6 Bc8 11. Bd3 Be6 12. Qc2 h6 13. Nb5 a6 14. Nxd6 Qxd6 15. b4 b5 16. Bb2 Ne7 17. Rac1 Rac8 18. Ne5 c6 19. f3 g6 20. Nxg6 fxg6 21. Bxg6 Nxg6 22. Qxg6+ Kh8 23. Qxh6+ Kg8 24. Qg6+ Kh8 25. Qh6+ Kg8 26. Qg6+ Kh8 27. Qh6+ 1/2-1/2

[Event "FICGS class D 000277 email"]
[Site "FICGS email"]
[Date "2021.05.05"]
[Round "1"]
[White "Soretti, Vincenzo"]
[Black "Nudo, Davide"]
[Result "0-1"]
[WhiteElo "1688"]
[BlackElo "1788"]
[PlyCount "62"]
[EventDate "2021.??.??"]
[EventType "tourn (corr)"]
[EventRounds "6"]
[SourceTitle "Corr 2022"]
[Source "ChessBase"]
[SourceDate "2021.10.24"]
[SourceVersion "1"]
[SourceVersionDate "2021.10.24"]
[SourceQuality "1"]

1. e4 e5 2. Nf3 Nc6 3. Bb5 g6 4. c3 a6 5. Ba4 d6 6. d4 Bd7 7. Bc2 exd4 8. cxd4 Bg4 9. Be3 Bg7 10. Bb3 Bxf3 11. Qxf3 Qf6 12. Qxf6 Bxf6 13. Nc3 Bxd4 14. Bd5 Bxe3 15. Bxc6+ bxc6 16. fxe3 Nf6 17. Rd1 Ng4 18. Ke2 0-0 19. h3 Ne5 20. Rhf1 Kg7 21. b3 a5 22. Rf2 c5 23. Nb5 Rfc8 24. a4 Rab8 25. Ke1 Rb7 26. Rc2 Re8 27. Ke2 f6 28. Rcd2 Nf7 29. Kd3 Ng5 30. Rc1 Nxe4 31. Rdc2 c6 0-1

[Event "FICGS class D 000274 email"]
[Site "FICGS email"]
[Date "2021.01.31"]
[Round "1"]
[White "Soretti, Vincenzo"]
[Black "Autobello, Giovanni"]
[Result "1/2-1/2"]
[WhiteElo "1708"]
[BlackElo "1542"]
[PlyCount "59"]
[EventDate "2021.??.??"]
[EventType "tourn (corr)"]
[EventRounds "6"]
[SourceTitle "Corr 2022"]
[Source "ChessBase"]
[SourceDate "2021.10.24"]
[SourceVersion "1"]
[SourceVersionDate "2021.10.24"]
[SourceQuality "1"]

1. e4 c5 2. Nf3 d6 3. d4 cxd4 4. Nxd4 Nf6 5. Nc3 a6 6. Bg5 e6 7. f4 Nc6 8. Nxc6 bxc6 9. e5 dxe5 10. Qxd8+ Kxd8 11. fxe5 h6 12. 0-0-0+ Kc7 13. Bxf6 gxf6 14. exf6 Rg8 15. g3 Rg6 16. Ne4 Bb7 17. Bd3 c5 18. c4 Rd8 19. Rhf1 h5 20. Kc2 Rg4 21. Rf4 Rxf4 22. gxf4 Bxe4 23. Bxe4 Rxd1 24. Kxd1 Bd6 25. h4 Bxf4 26. Bf3 Bg3 27. Bxh5 Bxh4 28. Bxf7 e5 29. Bd5 Bxf6 30. b3 1/2-1/2

[Event "FICGS class D 000271 email"]
[Site "FICGS email"]
[Date "2020.12.02"]
[Round "1"]
[White "Leurette, Marc Antoine"]
[Black "Soretti, Vincenzo"]
[Result "1/2-1/2"]
[WhiteElo "1641"]
[BlackElo "1670"]
[PlyCount "74"]
[EventDate "2020.??.??"]
[EventType "tourn (corr)"]
[EventRounds "6"]
[SourceTitle "Corr 2022"]
[Source "ChessBase"]
[SourceDate "2021.10.24"]
[SourceVersion "1"]
[SourceVersionDate "2021.10.24"]
[SourceQuality "1"]

1. e4 e5 2. Nf3 Nc6 3. Bc4 Nf6 4. Ng5 d5 5. exd5 Na5 6. Bb5+ c6 7. dxc6 Nxc6 8. d3 Bd7 9. 0-0 Be7 10. Nc3 0-0 11. Re1 Bd6 12. Nce4 Nxe4 13. Nxe4 Be7 14. a3 a6 15. Bxc6 Bxc6 16. b4 f5 17. Nd2 Qd5 18. Nf3 Bf6 19. Bb2 Rae8 20. c4 Qd6 21. c5 Qd5 22. Qc2 Bb5 23. Rad1 g5 24. h3 g4 25. hxg4 fxg4 26. Nd2 Bxd3 27. Qc1 Qf7 28. Ne4 Bxe4 29. Rxe4 Qg6 30. Rde1 Qg7 31. g3 h5 32. Qc4+ Kh8 33. Kg2 Qg6 34. Bxe5 Kh7 35. Bxf6 Qxf6 36. Rxe8 Qxf2+ 37. Kh1 Qf3+ 1/2-1/2

[Event "FICGS class D 000266 email"]
[Site "FICGS email"]
[Date "2020.06.08"]
[Round "1"]
[White "Olsen, Sverre Eugen"]
[Black "Soretti, Vincenzo"]
[Result "1-0"]
[WhiteElo "1621"]
[BlackElo "1668"]
[PlyCount "51"]
[EventDate "2020.??.??"]
[EventType "tourn (corr)"]
[EventRounds "6"]
[SourceTitle "Corr 2022"]
[Source "ChessBase"]
[SourceDate "2021.10.24"]
[SourceVersion "1"]
[SourceVersionDate "2021.10.24"]
[SourceQuality "1"]

1. e4 c5 2. Nf3 d6 3. d4 cxd4 4. Nxd4 a6 5. c4 Nf6 6. Nc3 Nc6 7. Be2 g6 8. Be3 Bg7 9. h3 0-0 10. 0-0 Nxd4 11. Bxd4 Bd7 12. Qc2 Rc8 13. a4 Bc6 14. a5 e6 15. Rfd1 Qe7 16. b4 e5 17. Bb6 Nd7 18. Be3 f5 19. exf5 gxf5 20. b5 axb5 21. cxb5 Be4 22. Qa2+ Kh8 23. Nxe4 fxe4 24. Qd5 Nb8 25. Qxd6 Qe8 26. Qd5 1-0

[Event "FICGS class D 000266 email"]
[Site "FICGS email"]
[Date "2020.06.08"]
[Round "1"]
[White "Soretti, Vincenzo"]
[Black "Pintor, Manuel Abranches"]
[Result "0-1"]
[WhiteElo "1668"]
[BlackElo "1510"]
[PlyCount "78"]
[EventDate "2020.??.??"]
[EventType "tourn (corr)"]
[EventRounds "6"]
[SourceTitle "Corr 2022"]
[Source "ChessBase"]
[SourceDate "2021.10.24"]
[SourceVersion "1"]
[SourceVersionDate "2021.10.24"]
[SourceQuality "1"]

1. d4 d5 2. c4 c6 3. e3 Nf6 4. Nc3 Bf5 5. Nf3 e6 6. Be2 Ne4 7. 0-0 Be7 8. Nxe4 Bxe4 9. Nd2 Bg6 10. b3 0-0 11. a4 Nd7 12. c5 b6 13. b4 e5 14. Nb3 e4 15. Ba6 bxc5 16. Nxc5 Nxc5 17. dxc5 Bf6 18. Rb1 Be5 19. Re1 Qf6 20. Bd2 Qh4 21. g3 Qh3 22. Bf1 Qh6 23. Be2 a6 24. b5 axb5 25. axb5 cxb5 26. Rxb5 f5 27. Qb3 Bf7 28. Qb4 g5 29. Rb6 Qg7 30. Rb1 f4 31. exf4 gxf4 32. Be1 Bd4 33. Kh1 f3 34. Bf1 h5 35. h4 Rac8 36. Rc1 e3 37. fxe3 Bxe3 38. Rc2 d4 39. Bh3 d3 0-1

[Event "FICGS class D 000264 email"]
[Site "FICGS email"]
[Date "2020.04.12"]
[Round "1"]
[White "Benone, Mateia"]
[Black "Soretti, Vincenzo"]
[Result "1-0"]
[WhiteElo "1447"]
[BlackElo "1692"]
[PlyCount "41"]
[EventDate "2020.??.??"]
[EventType "tourn (corr)"]
[EventRounds "6"]
[SourceTitle "Corr 2022"]
[Source "ChessBase"]
[SourceDate "2021.10.24"]
[SourceVersion "1"]
[SourceVersionDate "2021.10.24"]
[SourceQuality "1"]

1. e4 c5 2. c3 e5 3. Nf3 Nc6 4. d4 cxd4 5. cxd4 exd4 6. Nxd4 Nge7 7. Nb5 Ng6 8. N1c3 Bc5 9. Nd6+ Bxd6 10. Qxd6 Qe7 11. Qxe7+ Ngxe7 12. Bc4 0-0 13. 0-0 Ne5 14. Bb3 d6 15. Rd1 Rd8 16. Bg5 Kf8 17. Nb5 f6 18. Be3 N7c6 19. Rxd6 Rxd6 20. Nxd6 Ke7 21. Bc5 1-0

[Event "FICGS class D 000261 email"]
[Site "FICGS email"]
[Date "2020.01.27"]
[Round "1"]
[White "Hilton, Stephen"]
[Black "Soretti, Vincenzo"]
[Result "0-1"]
[WhiteElo "1741"]
[BlackElo "1707"]
[PlyCount "78"]
[EventDate "2020.??.??"]
[EventType "tourn (corr)"]
[EventRounds "6"]
[SourceTitle "Corr 2022"]
[Source "ChessBase"]
[SourceDate "2021.10.24"]
[SourceVersion "1"]
[SourceVersionDate "2021.10.24"]
[SourceQuality "1"]

1. e4 c5 2. Nf3 d6 3. d4 cxd4 4. Nxd4 Nf6 5. Nc3 a6 6. Be2 Nc6 7. Be3 e6 8. Nxc6 bxc6 9. 0-0 Be7 10. f4 0-0 11. Bf3 Rb8 12. Rb1 a5 13. Qd2 Ba6 14. Rfe1 Qc7 15. Qf2 h6 16. e5 dxe5 17. fxe5 Nd7 18. Qg3 g5 19. h4 f6 20. hxg5 hxg5 21. Bf4 Nxe5 22. Bxe5 fxe5 23. Rxe5 Rf5 24. Rbe1 Rxb2 25. Bg4 Rxe5 26. Rxe5 Qb6+ 27. Kh2 Bc4 28. Bxe6+ Bxe6 29. Rxe6 Qd8 30. Qe5 Kf7 31. Ne4 Rb5 32. Nd6+ Bxd6 33. Qxd6 Qxd6+ 34. Rxd6 Rc5 35. Rd2 Rc3 36. Kg1 c5 37. Kf2 Kf6 38. g4 Ke5 39. Ke1 Kf4 0-1